| 000 | 01050nam0a22002651 4500 | ||
|---|---|---|---|
| 001 | rc\943607 | ||
| 005 | 20250622052217.0 | ||
| 035 | _a(NLR Aleph) 006115926 | ||
| 090 |
_a5409260 _c5409260 |
||
| 100 | _a20041129d1982 |||y0rusy50 ca | ||
| 101 | 0 | _arus | |
| 102 | _aRU | ||
| 105 | _ay ||||||||| | ||
| 200 | 1 |
_aОсновы стандартизации и управления качеством продукции в ЦБП _eУчеб. пособие |
|
| 210 |
_aЛ. _cЛТА _d1982 |
||
| 215 |
_a106 с. _d20 |
||
| 300 | _aНа обороте тит. л. авт.: к. э. н., доц. В.С. Люблин | ||
| 300 | _aВ надзаг.: М-во высш. и сред. спец. образования РСФСР, Ленингр. технол. ин-т целлюлоз.-бумаж. пром-сти (ЛТИЦБП) | ||
| 320 | _aБиблиогр.: с. 105 | ||
| 700 | 1 |
_aЛюблин _bВ.С. _gВалентин Семенович |
|
| 801 | 0 |
_aRU _bNLR _gpsbo |
|
| 801 | 1 |
_aRU _bELAR _2rusmarc |
|
| 852 |
_aNLR _j83-3/5850 |
||
| 942 | _cBOOK | ||
| 980 | _aNB | ||